000 00683nam a2200217 a 4500
001 BRCA_4804
005 20190320204820.0
008 111010c1942----sz-#######---#000-0#fre-#
041 _afre
044 _asz
050 4 _aMD665
_b.B39 1942
100 1 _aBazin, Germain René Michel
_d1901-1990
_99325
245 1 0 _aFouquet: siècle XV
_ctexto de Germain Bazin.
260 _aSuiza
_bSkira
_c1942
300 _a1 v.
_bil. 10 láminas color
_c39 cm.
440 0 _aLes trésors de lapeinture francaise
_912173
600 1 4 _aBazin, Germain René Michel
_d1901-1990
_99325
650 1 4 _aPintura flamenca
_vCatálogos
_912156
651 4 _aSuiza
_vExposiciones
_xArte
_912157
942 _2lcc
_cB
999 _c4501
_d4501